Investments : (Record no. 10605)
[ view plain ]
| 000 -LEADER | |
|---|---|
| fixed length control field | 01495cam a22003498a 4500 |
| 090 ## - LOCALLY ASSIGNED LC-TYPE CALL NUMBER (OCLC); LOCAL CALL NUMBER (OCLC) | |
| -- | 0 |
| 001 - CONTROL NUMBER | |
| control field | 14425691 |
| 005 - DATE AND TIME OF LATEST TRANSACTION | |
| control field | 20080307085057.0 |
| 008 - FIXED-LENGTH DATA ELEMENTS--GENERAL INFORMATION | |
| fixed length control field | 060623s2007 nyu 001 0 eng |
| 010 ## - LIBRARY OF CONGRESS CONTROL NUMBER | |
| LC control number | 2006020847 |
| 020 ## - INTERNATIONAL STANDARD BOOK NUMBER | |
| International Standard Book Number | 9780470047811 (pbk.) |
| 020 ## - INTERNATIONAL STANDARD BOOK NUMBER | |
| International Standard Book Number | 047004781X (pbk.) |
| 040 ## - CATALOGING SOURCE | |
| Original cataloging agency | DLC |
| Transcribing agency | DLC |
| Modifying agency | DLC |
| 050 00 - LIBRARY OF CONGRESS CALL NUMBER | |
| Classification number | HG4521 |
| Item number | .J663 2007 |
| 082 00 - DEWEY DECIMAL CLASSIFICATION NUMBER | |
| Classification number | 332.6 |
| Edition number | 22 |
| Item number | JON |
| 100 1# - MAIN ENTRY--PERSONAL NAME | |
| Personal name | Jones, Charles Parker, |
| Dates associated with a name | 1943- |
| 245 10 - TITLE STATEMENT | |
| Title | Investments : |
| Remainder of title | Analysis and Management / |
| Statement of responsibility, etc | Charles P. Jones. |
| 250 ## - EDITION STATEMENT | |
| Edition statement | 10th ed. |
| 260 ## - PUBLICATION, DISTRIBUTION, ETC. (IMPRINT) | |
| Place of publication, distribution, etc | New York : |
| Name of publisher, distributor, etc | John Wiley & Sons, |
| Date of publication, distribution, etc | c2007. |
| 263 ## - PROJECTED PUBLICATION DATE | |
| Projected publication date | 0608 |
| 300 ## - PHYSICAL DESCRIPTION | |
| Extent | xxvi, 646 p. |
| Other physical details | ill. ; |
| Dimensions | 27 cm. |
| 500 ## - GENERAL NOTE | |
| General note | Includes index. |
| 650 #0 - SUBJECT ADDED ENTRY--TOPICAL TERM | |
| Topical term or geographic name as entry element | Investments. |
| 650 #0 - SUBJECT ADDED ENTRY--TOPICAL TERM | |
| Topical term or geographic name as entry element | Investment analysis. |
| 856 41 - ELECTRONIC LOCATION AND ACCESS | |
| Materials specified | Table of contents only |
| Uniform Resource Identifier | <a href="http://www.loc.gov/catdir/toc/ecip0616/2006020847.html">http://www.loc.gov/catdir/toc/ecip0616/2006020847.html</a> |
| 856 42 - ELECTRONIC LOCATION AND ACCESS | |
| Materials specified | Contributor biographical information |
| Uniform Resource Identifier | <a href="http://www.loc.gov/catdir/enhancements/fy0814/2006020847-b.html">http://www.loc.gov/catdir/enhancements/fy0814/2006020847-b.html</a> |
| 856 42 - ELECTRONIC LOCATION AND ACCESS | |
| Materials specified | Publisher description |
| Uniform Resource Identifier | <a href="http://www.loc.gov/catdir/enhancements/fy0814/2006020847-d.html">http://www.loc.gov/catdir/enhancements/fy0814/2006020847-d.html</a> |
| 942 ## - ADDED ENTRY ELEMENTS (KOHA) | |
| Source of classification or shelving scheme | Dewey Decimal Classification |
| Item type | Book - Borrowing |
| Withdrawn status | Item status | Source of classification or shelving scheme | Damaged status | Not for loan | Vendor | Home library | Current library | Shelving location | Date acquired | Source of acquisition | Cost, normal purchase price | Serial Enumeration / chronology | Total Checkouts | Total Renewals | Full call number | Barcode | Date last seen | Date last borrowed | Koha item type |
|---|---|---|---|---|---|---|---|---|---|---|---|---|---|---|---|---|---|---|---|
| Dewey Decimal Classification | Alahram | Central Library | Central Library | First floor | 02/02/2009 | 279.70 | 6489 | 1 | 1 | 332.6 JON | 000014496 | 15/07/2025 | 31/10/2020 | Book - Borrowing | |||||
| Dewey Decimal Classification | Central Library | Central Library | First floor | 31/03/2009 | 2 | 5 | 332.6 JON | 000015823 | 15/07/2025 | 05/04/2018 | Book - Borrowing |